Airlines Serving the Most Countries - Statistics

General Stats
  • This quiz has been taken 68 times
  • The average score is 8 of 10
Answer Stats
Hint Answer % Correct
3 78 British Airways
93%
5 71 Delta
91%
2 83 Lufthansa
91%
3 78 Air France
84%
8 60 United
84%
6 70 Emirates
82%
1 106 Turkish Airlines
73%
7 66 KLM
71%
4 73 Qatar Airways
65%
7 66 Egyptair
24%
No matching quizzes found
Score Distribution
Percent of People with Each Score
Percentile by Number Answered
Your Score History
You have not taken this quiz